000 00635nam a22002177a 4500
003 UA-OsUOA
001 81611
007 ta
008 20120203b un ||||| |||| 00| 0 ukr d
100 _aШиян Д.В.
090 _a330(477)
_bШ65
942 _cSA
040 _aUA-OsUOA
_bukr
_cUA-OsUOA
_dUA-OsUOA
245 _aФормування сучасної парадигми досліджень в аграрній економіці
300 _aС.7-13
955 _a0
041 _aukr
080 _a330(477)
773 0 _w81610
_tЕкономіка АПК
_dК.
_d2012
_g1
650 7 _a330 Економіка взагалі
_2UDC
999 _c367931
_d367931